|
|
|
|
| LEADER |
00848nab a2200229 i 4500 |
| 001 |
publ2894 |
| 005 |
20221025124334.0 |
| 008 |
130319s1994 hu o 0|| zxx d |
| 022 |
|
|
|a 1058-725X
|
| 024 |
7 |
|
|a 10.1080/10587259408050096
|2 doi
|
| 024 |
7 |
|
|a 1067705
|2 mtmt
|
| 040 |
|
|
|a SZTE Publicatio Repozitórium
|b hun
|
| 041 |
|
|
|a zxx
|
| 100 |
1 |
|
|a Kiricsi Imre
|
| 245 |
1 |
0 |
|a Incorporating SnO2.xH2O into the Interlayer Spacings of Montmorillonite
|h [elektronikus dokumentum] /
|c Kiricsi Imre
|
| 260 |
|
|
|c 1994
|
| 300 |
|
|
|a 149-154
|
| 490 |
0 |
|
|a Molecular Crystals and Liquid Crystals Science and Technology. Section A. Molecular Crystals and Liquid Crystals
|v 244 No. 1
|
| 700 |
0 |
1 |
|a Pálinkó István
|e aut
|
| 700 |
0 |
1 |
|a Tasi Gyula
|e aut
|
| 700 |
0 |
1 |
|a Hannus István
|e aut
|
| 856 |
4 |
0 |
|u http://publicatio.bibl.u-szeged.hu/2894/1/1067705.pdf
|z Dokumentum-elérés
|